000 00704nam a2200205 u 4500
005 20240227063617.0
008 140428s2012 r 000 0 eng d
020 _a9786074622812
035 _aUPN01000196980
049 _aCG
050 4 _aLA430 C5
_bH5.7
245 0 0 _aHistoria de la educación en la Ciudad de México /
_ccoord. Pilar Gonzalbo Aizpuru.
260 _aMéxico :
_bEl Colegio de México :
_bSecretaría de Educación del Distrito Federal,
_c2012.
300 _a573 p. :
_bil.
440 0 _aCentro de Estudios Históricos
650 4 _aEducación
_zCiudad de México
_xHistoria
_922984
700 1 _aGonzalbo, Pilar,
_d1935-2024
_ecoord.
_928880
905 _aLibro
999 _c169081
_d169081